| 000 | 00603nam a2200193Ia 4500 | ||
|---|---|---|---|
| 003 | OSt | ||
| 005 | 20260106152232.0 | ||
| 008 | 210210b1948 xxu||||| |||| 00| 0 eng d | ||
| 040 | _cAL | ||
| 041 | _aKannada | ||
| 082 | _a859/1461 | ||
| 100 |
_aRAVINDRANATHA THAKURA _9150022 _dರವೀಂದ್ರನಾಥ ಠಾಕೂರ |
||
| 245 |
_aRavindra kathegalu-5 _bರವೀಂದ್ರ ಕಥೆಗಳು -೫ |
||
| 260 |
_aBengaluru _bSatyashodhana Prakatana Mandira _c1948 |
||
| 690 |
_aKannada Fiction _9150023 |
||
| 700 |
_aayyar _dಅಯ್ಯರ್ _9250367 |
||
| 906 | _a022194 | ||
| 942 |
_2ddc _cBK |
||
| 999 |
_c146298 _d146298 |
||